|
|
|
|
| LEADER |
00000nab a2200000 ar4500 |
| 001 |
vtls008414787 |
| 003 |
SK-MaSNL |
| 005 |
20260303070236.0 |
| 008 |
051207c20051201xo sr|p|||||||000 b|slo |
| 015 |
|
|
|a SNBRB2005/12
|2 snkbucl
|
| 038 |
|
|
|a SNKBUCL
|
| 040 |
|
|
|a SNKBUCL
|b slo
|c SNKBUCL
|e AACR2
|
| 041 |
0 |
|
|a slo
|
| 044 |
|
|
|a xo
|c SK
|
| 080 |
|
|
|a 796.322.093.1
|2 UDC-MRF-SK2
|
| 245 |
0 |
0 |
|a Nové Zámky - Prešov 24:28 (9:14)
|b predohrávka 13. kola Extraligy hádzanárov
|
| 300 |
|
|
|b Tab.
|
| 650 |
0 |
7 |
|a hádzaná
|2 snkbucl
|9 3292
|
| 650 |
0 |
7 |
|a extraliga
|2 snkbucl
|9 18992
|
| 650 |
0 |
7 |
|a muži
|2 snkbucl
|9 4888
|
| 650 |
0 |
7 |
|a 13. kolo
|2 snkbucl
|9 1020626
|
| 773 |
0 |
|
|t Šport
|g Roč. 59, č. 277 (1.12.2005), s. 38
|x 0139-7001
|
| 852 |
|
|
|a SNK
|b KIS3GCP
|
| 999 |
|
|
|c 1754516
|d 1756446
|